000 01367cam a22003617a 4500
003 CHAP
005 20220817043523.0
008 990317d1998 mx a r 00110 spa d
010 _a77282
011 _a78254
035 _a88141
040 _cCHAP
090 _aTesis
100 0 0 _aFlores Ortiz, Eduardo.
_941672
245 1 0 _aSelección de genotipos de frijol (Phaseolus vulgaris L.) por resistencia horizontal a la conchuela del frijol (Epilachna varivestis Mulsant)
_c/por Eduardo Flores Ortiz
260 _aChapingo, Méx. :
_bEl autor,
_c1998.
300 _a47 h. :
_bilus. ; cuadros
502 _aTesis (Ing. Agr. Esp. en Parasitología Agrícola) -- UACH. Departamento de Parasitología Agrícola
590 _aALEPH
_b10
_c20130110
_lUCH01
_h1428
590 _aBATCH-UPD
_b10
_c20130110
_lUCH01
_h0624
590 _aBATCH-UPD
_b10
_c20130410
_lUCH01
_h0308
590 _aBATCH-UPD
_b10
_c20130914
_lUCH01
_h1313
590 _aCONVERSION
_b10
_c20130109
_lUCH01
_h1343
650 1 4 _aEpilachna varivestis.
650 1 4 _aFrijol
_xGenética.
650 1 4 _aFrijol
_xVariedades resistentes a plagas.
_943450
901 _aBK
905 _aMayto Villalobos S.
942 _cFOLL
949 _bBC
_cTES
_d33724000712113
_eTS2
_fc.2
_h33575
_i88141
_sb
949 _bBC
_cTES
_d33724000747937
_eTS2
_fc.3
_h35868
_i88141
_si
949 _bBC
_cTES
_d881411
_eTS1
_h33574
_i88141
_sb
999 _c77282
_d77282